000 00414nam a2200133Ia 4500
008 231129s1969||||xx |||||||||||||| ||spa||
040 _bspa
082 _aR 708.4558 C282m (EN PROCESO DE DESCARTE) Ej. 2
100 _aCarli Enzo
245 0 _aMuseos de Siena-Galeria Brera ; Galerias de la academia de Venecia
260 _c1969
264 _aColombia (Bogotá) : Salvat Editores Colombiana
942 _2ddc
_cBKS
999 _c21520
_d21520